000 00549nab a2200217 a 4500
001 67848
003 141072
005 20201118110453.0
008 ||||||n9999 ||| || ||
041 _aspa
100 _aEspinosa, German
245 0 _aCaribe y universalidad
260 _aBogotá :
_bDepartamento Nacional de Planeación-DNP,
_c1998.
300 _app.19-24
562 _e0
650 _aCULTURA REGIONAL
650 _aESCRITORES
650 _aIDENTIDAD CULTURAL
773 _065681
_aLa Costa que queremos :
942 _cANADG
999 _c67848
_d67848